NATO a boj proti terorizmu

Bibliographic Details
Main Author: Merňák, Gabriel (Author)
Format: Article
Language:Slovak
ISSN:1336-2910
Subjects:

MARC

LEADER 00000nab a2200000 a 4500
001 vtls001493529
003 SK-MaSNL
005 20260305015213.0
008 250505c2004 xo er|p|||||||000 b|slo
015 |a SNBRB2005/02  |2 snkbucl 
035 |a urn:nbn:sk:snk-ab8478 
035 |a (urnnbn)urn:nbn:sk:snk:ar-0068fy 
035 |a (uuid)394d4339-3423-4e04-8b8d-dfa81c80e5ba 
038 |a SNKBUCL 
040 |a SNKBUCL  |b slo  |c SNKBUCL  |e AACR2 
041 0 |a slo 
044 |a xo  |c SK 
080 |a 327.51:323.285  |x (100)  |2 1997 
080 |a 323.285  |2 1997 
080 |a 343.851:323.285  |2 1997 
100 1 |a Merňák, Gabriel  |4 aut  |9 1547313 
245 1 0 |a NATO a boj proti terorizmu  |c Gabriel Merňák 
610 2 7 |a NATO  |2 snkbucl  |9 33599 
650 0 7 |a boj proti terorizmu  |2 snkbucl  |9 4297 
773 0 |t Obrana  |g Roč. 12, č. 23 (2004), s. 26-27  |x 1336-2910 
850 |a Slovenská národná knižnica 
852 |a Slovenská národná knižnica 
954 |a odborná, vedecká literatúra pôvodná (slovenská)  |2 lita 
958 |a article9 
958 |a OND 
958 |a EUIPO 
999 |c 3273621  |d 3275551